Energía renovable en el siglo XXI /

Salvato in:
Dettagli Bibliografici
Autore principale: Gutiérrez Vera, Jorge (autor)
Natura: Libro
Lingua:spagnolo
Pubblicazione: México : Congreso de la Unión, Cámara de Senadores, LVIII Legislatura, 2001, c2001
Serie:(Escenarios ; 1)
Soggetti:
Tags: Aggiungi Tag
Nessun Tag, puoi essere il primo ad aggiungerne!!

MARC

LEADER 00000nam^a2200000^a^4500
001 000186929
005 20250521000000.0
009 20260310102243.892
037 |a Acervo ITESO - Biblioteca 
041 |a ESP 
082 |a 333. 79  |b GUT 
100 |a Gutiérrez Vera, Jorge  |e (autor) 
245 1 0 |a Energía renovable en el siglo XXI /  |c J. Gutiérrez Vera. 
264 4 |a México :  |b Congreso de la Unión, Cámara de Senadores, LVIII Legislatura,  |c 2001, c2001 
300 |a 145 p. 
336 |a texto  |b txt  |2 rdacontenido 
337 |a sin mediación  |b n  |2 rdamedio 
338 |a volumen  |b nc  |2 rdasoporte 
440 1 |a (Escenarios ;  |v 1) 
649 |a XX 
650 |a Energía Fotovoltaica -  |z México 
650 |a Energía Fotovoltaica 
650 |a Energía Solar -  |z México 
650 |a Energía Solar 
650 |a Energía Eléctrica -  |z México 
650 |a Energía Eléctrica 
650 |a Energía Eólica -  |z México 
650 |a Energía Eólica 
650 |a Recursos Renovables -  |z México 
650 |a Recursos Renovables -  |x Tema Principal 
650 |a Recursos Energéticos -  |z México 
650 |a Recursos Energéticos 
650 |a Ingeniería 
650 |a Economía -  |z México -  |x Historia -  |y Siglo XXI 
910 |a Fondo General 
920 |a Impresos - Libros 
930 |a Colección General 
905 |a 101 
901 |a 0500128791  |b IT1  |c ACC  |u 20250521 
902 |a https://opac.biblio.iteso.mx/vufind/Record/000186929